| 000 | 00983cam a2200253 i 4500 | ||
|---|---|---|---|
| 003 | SA-RiAUC | ||
| 005 | 20250512101454.0 | ||
| 008 | 250512s2003 su g 000r0 ara c | ||
| 040 |
_aSA-RiIMS _bara _cSA-RiAUC _erda |
||
| 082 | 0 | 4 |
_a010 _qSA-RiAUC |
| 090 |
_a010 _b ر م ا |
||
| 100 | 1 |
_aالرماني، زيد بن محمد بن دحيم، _d1385 هجري- _eمؤلف. |
|
| 245 | 1 | 2 |
_aالأربعون من أسباب التأليف وأسرار التصانيف / _cإعداد زيد بن محمد الرماني. |
| 250 | _aالطبعة الأولى. | ||
| 264 | 1 |
_aالرياض : _bمدار الوطن للنشر، _c2003 |
|
| 300 |
_a104 صفحة ؛ _c24 سم |
||
| 336 |
_aنص _btxt _2rdacontent _3كتاب |
||
| 337 |
_aبدون وسيط _bn _2rdamedia |
||
| 338 |
_aمجلد _bnc _2rdacarrier |
||
| 650 | 7 |
_aالببليوجرافيا _2aucsh |
|
| 650 | 7 |
_aالببليوجرافيات _2aucsh |
|
| 942 |
_2ddc _cBOOK _n0 |
||
| 949 |
_aSA-JeALM _d250512 _umohamedma123 _n1 |
||
| 999 |
_c7870 _d7870 |
||